| 000 | 00419nam a22001577a 4500 | ||
|---|---|---|---|
| 999 |
_c15716 _d15716 |
||
| 003 | OSt | ||
| 082 |
_a631.587 _bSAB/A |
||
| 088 | _ap 440 | ||
| 100 |
_aSabida K A _94242 |
||
| 100 |
_aSreethu S S _94243 |
||
| 100 |
_aUthara Sainath _94244 |
||
| 245 | _aAssessement of subsurface flow | ||
| 260 |
_aTavanur _bDepartment of Soil & Water conservation Engineering _c2019 |
||
| 700 |
_aSathian K K (guide) _94245 |
||
| 942 | _cPR | ||